Africa in Social change. (Record no. 12783)
[ view plain ]
| 000 -LEADER | |
|---|---|
| fixed length control field | 00539nam a22001932 4500 |
| 001 - CONTROL NUMBER | |
| control field | 0000003163 |
| 005 - DATE AND TIME OF LATEST TRANSACTION | |
| control field | 20151217155819.0 |
| 008 - FIXED-LENGTH DATA ELEMENTS--GENERAL INFORMATION | |
| fixed length control field | 070430s xx 000 0 eng d |
| 040 ## - CATALOGING SOURCE | |
| Original cataloging agency | KABU |
| Transcribing agency | KABU |
| 050 #0 - LIBRARY OF CONGRESS CALL NUMBER | |
| Classification number | HN773.5 |
| Item number | .L56 |
| 100 1# - MAIN ENTRY--PERSONAL NAME | |
| Personal name | Lloyd, P. C. |
| -- | 0000152854 |
| 245 10 - TITLE STATEMENT | |
| Title | Africa in Social change. |
| 260 ## - PUBLICATION, DISTRIBUTION, ETC. (IMPRINT) | |
| Place of publication, distribution, etc. | Hammondsworth, England : |
| Name of publisher, distributor, etc. | Penguin, |
| Date of publication, distribution, etc. | 1967. |
| 300 ## - PHYSICAL DESCRIPTION | |
| Extent | 362 p. |
| 651 #0 - SUBJECT ADDED ENTRY--GEOGRAPHIC NAME | |
| Geographic name | Africa |
| General subdivision | Social Conditions. |
| -- | 0000152855 |
| 908 ## - PUT COMMAND PARAMETER (RLIN) | |
| Put command parameter | 070430 |
| 950 ## - LOCAL HOLDINGS (RLIN) | |
| -- | 1 |
| Withdrawn status | Lost status | Source of classification or shelving scheme | Not for loan | Home library | Current library | Date acquired | Total Checkouts | Full call number | Barcode | Date last seen | Price effective from | Koha item type |
|---|---|---|---|---|---|---|---|---|---|---|---|---|
| Library of Congress Classification | Kabarak, Main Campus | Kabarak, Main Campus | 17/12/2015 | HN773.5 .L56 | 002812 | 17/12/2015 | 17/12/2015 | Africana Collection |